Statistics for Top 15 Countries with Covid-19 Cases - 5 June

Click here to take the quiz!

General Stats

  • This quiz has been taken 15 times
  • The average score is 14 of 25

Answer Stats

country% Correct
United States
100%
France
86%
Italy
86%
India
79%
Spain
79%
United Kingdom
79%
Brazil
71%
Germany
71%
Russia
71%
Sweden
71%
Mexico
64%
Belgium
50%
Iran
50%
Ireland
50%
Peru
50%
Chile
43%
Chile
43%
Saudi Arabia
43%
Bahrain
36%
Qatar
36%
Turkey
36%
Kuwait
29%
Singapore
29%
Belarus
14%
Armenia
0%

Score Distribution

Percentile by Number Answered

Percent of People with Each Score

Your Score History

You have not taken this quiz